000 00896nam a2200205 4500
005 20250821093238.0
008 250514b sp ||||| |||| 00| 0 spa d
020 _a9788491230106
050 0 4 _aHJ9354
_bS55 2015
100 1 _aSilva Riquer, Jorge
245 1 3 _aLa reforma fiscal de los ayuntamientos novohispanos (1765-1812)
_c / Jorge Silva Riquer.
250 _a1a ed.
260 _aMadrid, España :
_bMarcial Pons :
_bEdiciones Jurídicas y Sociales :
_bUniversidad de Alacalá, Instituto Universitario de Investigación en Estudios Latinoamericanos ;
_aMéxico :
_bUniversidad Michoacana de San Nicolás de Hidalgo,
_c2015.
300 _a189 p. ;
_c24 cm.
504 _aBibliografía : p. 179-189.
650 7 _2lemb
_aFinanzas municipales
_xHistoria
_zMéxico
650 4 _aCiudades coloniales
_xFinanzas
_zMéxico
651 7 _2lemb
_aEspaña
_xColonias
_xFinanzas
_zAmérica
942 _2lcc
_cLIB
999 _c26619
_d26619